000 00378nam a2200145Ia 4500
005 20250729165734.0
008 250729s2013 xx 000 0 und d
041 _akan
082 _a390.25 KART
100 _aKarnataka Govt
_9231815
245 _aThiligannada - 9th Std
260 _aBangalore
_bKarnataka Text Book Socity
_c2013
300 _a110p
650 _aKannada
_9231816
999 _c239470
_d239470